Derecho constitucional colombiano
Saved in:
| Hovedforfatter: | |
|---|---|
| Format: | Bog |
| Sprog: | spansk |
| Udgivet: |
Bogotá
Biblioteca de Autores Colombianos
1954
|
| Udgivelse: | 4a. ed |
| Serier: | Biblioteca de Autores Colombianos
|
| Fag: | |
| Tags: |
Tilføj Tag
Ingen Tags, Vær først til at tagge denne postø!
|
MARC
| LEADER | 00000nam a2200000 a 4500 | ||
|---|---|---|---|
| 001 | UCT9709 | ||
| 003 | CL-VaPUC | ||
| 008 | 970411e19540000CK |||||||||||||||||spa|d | ||
| 082 | 0 | 4 | |a 342.861 |b PER |2 21 |
| 100 | 0 | |a Pérez, Francisco de P |e author |9 382645 | |
| 245 | 1 | 0 | |a Derecho constitucional colombiano |
| 250 | |a 4a. ed | ||
| 300 | |a 2 v | ||
| 942 | |c BK | ||
| 945 | |d 19970411 00:00:00 |a paguirre | ||
| 260 | |a Bogotá |b Biblioteca de Autores Colombianos |c 1954 | ||
| 650 | 0 | |a Constituciones |9 255417 | |
| 650 | 0 | |a Derecho constitucional |9 222588 | |
| 650 | 0 | |a Historia constitucional |9 256052 | |
| 650 | 0 | |a Soberanía |9 266726 | |
| 650 | 0 | |a Nacionalidad |9 357571 | |
| 650 | 0 | |a Extranjeros |9 358057 | |
| 650 | 0 | |a Derechos civiles y políticos |9 338684 | |
| 651 | 0 | |a Colombia |9 256424 | |
| 583 | |a last modification |c 19970411 00:00:00 |k Rodrigo Vera | ||
| 490 | 0 | |a Biblioteca de Autores Colombianos | |
| 999 | |c 258088 |d 258086 | ||
| 952 | |0 0 |1 0 |4 0 |6 342_861000000000000_PER_1954 |7 0 |8 A |9 281885 |a BIBDER |b BIBDER |d 2019-11-19 |h v.1 |i 1828940 |o 342.861 PER 1954 |p 1828940 |r 2023-01-25 |w 2019-11-19 |y BK |k DER | ||
| 952 | |0 0 |1 0 |4 0 |6 342_861000000000000_PER_1954 |7 0 |8 A |9 281886 |a BIBDER |b BIBDER |d 2019-11-19 |h v.2 |i 1828959 |o 342.861 PER 1954 |p 1828959 |r 2023-01-25 |w 2019-11-19 |y BK |k DER | ||